Resoluciones

Uloženo v:
Podrobná bibliografie
Médium: Text
Vydáno: San José: EUCR
Témata:
Tagy: Přidat tag
Žádné tagy, Buďte první, kdo vytvoří štítek k tomuto záznamu!

MARC

LEADER 00000 a a2200000 04500
001 28725
003
040
090 |a 189702  
245 |a Resoluciones  
260 |a San José:   |b EUCR  
300 |a 41 p  
650 |a UNIVERSIDADES  
650 |a RESOLUCIONES  
650 |a SOCIEDAD DE LA INFORMACION  
650 |a CENTROS DE INFORMACION  
650 |a BIBLIOTECAS  
650 |a DOCUMENTACION  
650 |a INVESTIGACION  
650 |a POLITICA DE INVESTIGACION  
999 |c 10705  |d 10705